Romantický pesničkár

Podrobná bibliografia
Médium: Článok
Jazyk:slovenčina
Fyzický popis:Fotogr.
ISSN:0139-7451
Predmet:

MARC

LEADER 00000nab a2200000 a 4500
001 vtls000708856
003 SK-MaSNL
005 20260302194507.0
008 160321c1998 xo 0 slo
015 |a SNBRB2000/01-00330 
035 |a CLN000061023 
040 |a SNKBUCL  |b slo  |c SNKBUCL  |e AACR2 
041 0 |a slo 
044 |a xo  |c SK 
080 |a 78.071.1/.2:784.66  |2 UDC-MRF-SK2 
080 |a 784.66  |2 UDC-MRF-SK2 
080 |a 929 Adams, Bryan  |2 UDC-MRF-SK2 
245 0 0 |a Romantický pesničkár 
300 |b Fotogr. 
600 1 7 |a Adams, Bryan,  |d 1959-  |2 snkbucl  |9 15579 
655 7 |a články z novín a časopisov  |2 snkbucl  |9 267496 
773 0 |x 0139-7451  |t Eurotelevízia  |g Roč. 8, č. 16 (1998), s. 35 
850 |a Slovenská národná knižnica v Martine 
852 |a SNK  |b KIS3GCP 
958 |a CA 
958 |a BC 
958 |a RBX 
999 |c 1448826  |d 1450756